First Names of Billionaires - Statistics

General Stats
  • This quiz has been taken 362 times
    351 since last reset
  • The average score is 11 of 24
Answer Stats
First Name Last Name % Correct
Bill Gates
100%
Elon Musk
100%
Jeff Bezos
99%
Mark Zuckerberg
98%
Donald Trump
97%
Warren Buffet
86%
Oprah Winfrey
80%
Rupert Murdoch
66%
Michael Bloomberg
58%
Richard Branson
57%
Larry Ellison
43%
Jack Ma
41%
Larry Page
39%
Sergey Brin
36%
Bernard Arnault
32%
Steve Ballmer
30%
Michael Dell
20%
Jensen Huang
16%
Phil Knight
13%
Mukesh Ambani
12%
Ray Dalio
9%
Amancio Ortega
7%
François Pinault
7%
Aliko Dangote
4%
No matching quizzes found
Score Distribution
Percent of People with Each Score
Percentile by Number Answered
Your Score History
You have not taken this quiz since the last reset